European Responses to Globalization and Financial Market Integration (Record no. 8930)
[ view plain ]
| 000 -LEADER | |
|---|---|
| fixed length control field | 00577nam a22001817a 4500 |
| 003 - CONTROL NUMBER IDENTIFIER | |
| control field | OSt |
| 005 - DATE AND TIME OF LATEST TRANSACTION | |
| control field | 20240626125408.0 |
| 008 - FIXED-LENGTH DATA ELEMENTS--GENERAL INFORMATION | |
| fixed length control field | 240626b |||||||| |||| 00| 0 eng d |
| 020 ## - INTERNATIONAL STANDARD BOOK NUMBER | |
| International Standard Book Number | 9780333712009 |
| 040 ## - CATALOGING SOURCE | |
| Transcribing agency | MUST |
| 082 ## - DEWEY DECIMAL CLASSIFICATION NUMBER | |
| Classification number | 332.4 VER 2000 |
| 100 ## - MAIN ENTRY--PERSONAL NAME | |
| Personal name | Verdun, Amy |
| 9 (RLIN) | 1164 |
| 245 ## - TITLE STATEMENT | |
| Title | European Responses to Globalization and Financial Market Integration |
| Remainder of title | Perceptions of Economic and Monetary Union in Britain , France and Germany |
| Statement of responsibility, etc. | Amy Verdun |
| 300 ## - PHYSICAL DESCRIPTION | |
| Extent | xv,260p |
| Dimensions | 22cm |
| 504 ## - BIBLIOGRAPHY, ETC. NOTE | |
| Bibliography, etc | references and indexes |
| 650 ## - SUBJECT ADDED ENTRY--TOPICAL TERM | |
| Source of heading or term | European Monetary Union |
| 942 ## - ADDED ENTRY ELEMENTS (KOHA) | |
| Source of classification or shelving scheme | Other/Generic Classification Scheme |
| Koha item type | Open Shelf |
| Withdrawn status | Lost status | Source of classification or shelving scheme | Damaged status | Not for loan | Home library | Current library | Date acquired | Source of acquisition | Inventory number | Total Checkouts | Full call number | Barcode | Date last seen | Price effective from | Koha item type |
|---|---|---|---|---|---|---|---|---|---|---|---|---|---|---|---|
| Dewey Decimal Classification | MUST Main Library | MUST Main Library | 26/06/2024 | Purchase | 03/18927 | 332.4 VER 2000 | 2024-21443 | 26/06/2024 | 26/06/2024 | Open Shelf |
